|
|
|
|
| LEADER |
00000nam a22000007a 4500 |
| 005 |
20170704233230.0 |
| 007 |
cr|||| |||| |
| 008 |
170704s2005 mx |||||s|||| 00||0 spa d |
| 020 |
|
|
|a 968-5447-25-X
|
| 035 |
|
|
|a 20296
|
| 040 |
|
|
|a vLex
|
| 090 |
|
|
|c 6807
|d 6807
|
| 245 |
0 |
2 |
|a El Poder Judicial de los Estados Unidos Mexicanos
|h [Recurso electrn̤ico] /
|
| 256 |
|
|
|a Servicio en ln̕ea
|
| 260 |
|
|
|a Mx̌ico DF:
|b Nostra Ediciones,
|c 2005
|
| 300 |
|
|
|a 1 recurso electrn̤ico
|
| 500 |
|
|
|a Esta obra explica con claridad y sn̕tesis cm̤o se integra el Poder Judicial Federal de los Estados Unidos Mexicanos; los distintos r̤ganos que lo conforman, as ̕como la forma y va̕s a travš de las cuales este organismo regula las disputas polt̕icas.
|
| 506 |
1 |
|
|a Disponible solo en los productos indicados
|d vLex Global
|d vLex Global (Academic Edition, excluding Law Schools)
|d vLex Global (U.S. Academic Edition, Law Schools)
|d vLex Global (U.S. Academic Edition, excluding Law Schools)
|d vLex Global (Academic Edition, Law Schools)
|
| 650 |
0 |
4 |
|a Poder Judicial
|z Mx̌ico
|
| 740 |
0 |
|
|a vLex Libros (Servicio en ln̕ea)
|
| 856 |
4 |
0 |
|u http://vlex.com/source/poder-judicial-de-los-estados-unidos-mexicanos-20296
|z Acceso restringido
|
| 942 |
|
|
|c BOOK
|
| 999 |
0 |
|
|a Power of attorney
|